<?xml version="1.0" encoding="UTF-8"?>
<collection xmlns="http://www.loc.gov/MARC21/slim">
  <record>
    <leader>00000nam  2200000   4500</leader>
    <controlfield tag="001">INLIS000000000003173</controlfield>
    <controlfield tag="005">20190704104343</controlfield>
    <datafield tag="035" ind1="#" ind2="#">
      <subfield code="a">0010-0718003173</subfield>
    </datafield>
    <controlfield tag="008">190704################g##########0#eng##</controlfield>
    <datafield tag="041" ind1=" " ind2=" ">
      <subfield code="a">id</subfield>
    </datafield>
    <datafield tag="082" ind1="#" ind2="#">
      <subfield code="a">155</subfield>
    </datafield>
    <datafield tag="090" ind1=" " ind2=" ">
      <subfield code="a">155 Moo d</subfield>
    </datafield>
    <datafield tag="100" ind1=" " ind2="#">
      <subfield code="a">W. Hartup, Willard</subfield>
    </datafield>
    <datafield tag="700" ind1=" " ind2="#">
      <subfield code="a">Wit, Jan de</subfield>
    </datafield>
    <datafield tag="700" ind1=" " ind2="#">
      <subfield code="a">Monks F.J.</subfield>
    </datafield>
    <datafield tag="245" ind1="1" ind2="#">
      <subfield code="a">Determinants Of Behavioral Development /</subfield>
      <subfield code="c">F.J. Monks</subfield>
    </datafield>
    <datafield tag="260" ind1="#" ind2="#">
      <subfield code="a">New York :</subfield>
      <subfield code="b">Academic Press,</subfield>
      <subfield code="c">1972</subfield>
    </datafield>
    <datafield tag="300" ind1="#" ind2="#">
      <subfield code="a">xviii; 665 hlm. :</subfield>
      <subfield code="b">ilus ;</subfield>
      <subfield code="c">23 cm</subfield>
    </datafield>
    <datafield tag="650" ind1=" " ind2="#">
      <subfield code="a">Perilaku</subfield>
    </datafield>
    <datafield tag="084" ind1="#" ind2="#">
      <subfield code="a">155 Moo  d</subfield>
    </datafield>
    <datafield tag="250" ind1="#" ind2="#">
      <subfield code="a">Edisi Baru</subfield>
    </datafield>
    <datafield tag="856" ind1="#" ind2="#">
      <subfield code="a">Perpustakaan Lembaga Administrasi Negara</subfield>
    </datafield>
    <datafield tag="990" ind1="#" ind2="#">
      <subfield code="a">16502</subfield>
    </datafield>
    <datafield tag="990" ind1="#" ind2="#">
      <subfield code="a">16502</subfield>
    </datafield>
  </record>
</collection>
